004290000a22001330004500090001700000245007400017041001400091700002900105700003800134100003200172942001300204773006100217999001700278 aASbSeriadas10aModificaciones a una técnica para montaje permanente de Phlebotomus0 aEspañol1 aOsorno, Fenita de9993501 aMorales Alarcón, Alberto9991521 aOsorno Mesa, Ernesto999162 cARTICULO1 tLozania: Acta Zoológica Colombiana3375h15q1-4d1968 c15194d15194